000 00399nam a2200133Ia 4500
005 20260326235440.0
008 260326s9999||||xx |||||||||||||| ||und||
100 _aEcheverría Mejía, Gilberto
245 0 _aNormas Urbanísticas :
_b Rodadero y Quebrada El Doctor /
_cGilberto Echeverría Mejía
260 _bCorporación Nacional de Turismo
300 _a27 p.
650 _aURBANISMO
942 _cBK
999 _c7389
_d7389